000 00301nam a22001337a 4500
008 170908b xxu||||| |||| 00| 0 eng d
020 _a9780130553478
041 _aeng
080 _23 ED
_a91
100 _a42
101 _aGEO
245 _aELEMENTAL GEOSYSTEMS
_cCHRISTOPHERSON
942 _2udc
_cBK
999 _c26803
_d26803